Ulice ztracených bratří /

V povídkách z poválečné doby zachycuje autor vnitřní život hrdinů tváří v tvář zlu koncentračních táborů i nedefinovatelnému zlu v jednotlivci.

Uloženo v:
Hlavní autor: Lustig, Arnošt, 1926-2011 (Autor)
Další autoři: Vohryzek, Josef, 1926-1998 (waw)
Médium: E-kniha
Jazyk:Czech
Témata:
Tagy:
Žádné tagy
LEADER 01332nam a2200181 4500
001 5239260
003 CZ-PrMKP
005 20260506134500.8
008 260506n----------------------------cze--
040 |a ABG001  |b cze 
072 7 |a 821.162.3-3  |x Česká próza  |2 Konspekt  |9 25 
100 1 |a Lustig, Arnošt,  |d 1926-2011  |7 jk01072683  |4 aut 
245 1 0 |a Ulice ztracených bratří /  |c Arnošt Lustig ; doslov Josef Vohryzek 
520 2 |a V povídkách z poválečné doby zachycuje autor vnitřní život hrdinů tváří v tvář zlu koncentračních táborů i nedefinovatelnému zlu v jednotlivci.  |b Většina povídek je založena na psychice nevšedních typů v nezvyklých a nedpředvídaných životních situacích a ačkoliv jde o příběhy z doby po ukončení války, vrací se autor zpět do okupace v dialozích hrdinů. Edice Lustigových děl v elektronické podobě vznikla ve spolupráci s Prahou městem literatury v rámci projektu Nadačního fondu Arnošta Lustiga s názvem FestivAL100, jímž se oslavilo 100. výročí spisovatelova narození. Ke zpracování bylo zvoleno vždy poslední knižní vydání za autorova života, kde provedl definitivní úpravy textu. 
655 7 |a české povídky  |7 fd133971  |2 czenas 
655 9 |a Czech short stories  |2 eczenas 
700 1 |a Vohryzek, Josef,  |d 1926-1998  |7 jk01150307  |4 waw 
910 |a ABG001